Discussion, conference, and group process. (Record no. 89)

MARC details
000 -LEADER
fixed length control field 00806nam a22001937a 4500
008 - FIXED-LENGTH DATA ELEMENTS--GENERAL INFORMATION
fixed length control field 110909t xxu||||| |||| 00| 0 eng d
020 ## - INTERNATIONAL STANDARD BOOK NUMBER
International Standard Book Number 0030690056
050 ## - LIBRARY OF CONGRESS CALL NUMBER
Classification number LC6519 .G84
100 ## - MAIN ENTRY--PERSONAL NAME
Personal name Gulley, Halbert E.
245 ## - TITLE STATEMENT
Title Discussion, conference, and group process.
250 ## - EDITION STATEMENT
Edition statement 2d ed.
260 ## - PUBLICATION, DISTRIBUTION, ETC.
Place of publication, distribution, etc. New York, Holt,
Name of publisher, distributor, etc. Rinehart and Winston
Date of publication, distribution, etc. 1968
300 ## - PHYSICAL DESCRIPTION
Extent x, 374 p.
Other physical details illus.
Dimensions 24 cm.
500 ## - GENERAL NOTE
General note Third ed. (c1977) published under title: Communication and group process. Includes bibliographies.
505 ## - FORMATTED CONTENTS NOTE
Formatted contents note Contents: The Nature of discussion -- Preparing for discussion -- Leadership -- The Study of interaction -- Discussion in larger settings -- Appendix: Cases for discussion.
650 ## - SUBJECT ADDED ENTRY--TOPICAL TERM
Topical term or geographic name entry element Interpersonal communication.
Form subdivision Small groups.
700 ## - ADDED ENTRY--PERSONAL NAME
Personal name Gulley, Halbert E.
942 ## - ADDED ENTRY ELEMENTS (KOHA)
Source of classification or shelving scheme Library of Congress Classification
Koha item type Books
Holdings
Withdrawn status Lost status Source of classification or shelving scheme Damaged status Not for loan Home library Current library Shelving location Date acquired Total Checkouts Full call number Barcode Date last seen Price effective from Koha item type
    Library of Congress Classification     WISCONSIN INTERNATIONAL UNIVERSITY COLLEGE, GHANA - MAIN LIBRARY WISCONSIN INTERNATIONAL UNIVERSITY COLLEGE, GHANA - MAIN LIBRARY General Stacks 09/09/2011   LC6519 .G84 239/11 09/09/2011 09/09/2011 Books

If you have any concerns or questions; kindly contact the library


© Powered by WIUC ICT DIRECTORATE